| 000 | 00704nam a2200205 i 4500 | ||
|---|---|---|---|
| 001 | 22812 | ||
| 003 | ES-MaACL | ||
| 005 | 20250729085446.0 | ||
| 007 | t| | ||
| 008 | 021204s1931 sp ||||1| spa d | ||
| 100 | 1 |
_aAlvarez Rodríguez, Armando. _920941 |
|
| 245 | 1 | 0 |
_aDiscurso leido en la solemne apertura del Curso Académico de 1931-32 / _cpor el Dr. D. Armando Alvarez Rodriguez. |
| 260 |
_aOviedo : _b[s.n.], _c1931 ( _fFlores y Cª) |
||
| 300 |
_a58 p. ; _c29 cm. |
||
| 500 | _aTema: De la costumbre dentro del Derecho Canónico. | ||
| 594 | _aPrecede al tit.: Universidad de Oviedo. | ||
| 650 | 0 | 7 |
_aDerecho canónico _2embne _911655 |
| 852 |
_aES-MaACL _j1755-F-9 |
||
| 999 |
_c22812 _d22812 |
||